[Event "GER-chT U20"]
[Site "Osnabrueck"]
[Date "2011.12.29"]
[Round "5.6"]
[White "Range, Felix"]
[Black "Rosenhan, Jonas"]
[Result "1-0"]
[WhiteElo "1547"]
[BlackElo "1630"]
[PlyCount "57"]
[EventDate "2011.12.27"]
[EventType "team-swiss"]
[EventRounds "7"]
[EventCountry "GER"]
[SourceTitle "CBM 146 Extra"]
[Source "ChessBase"]
[SourceDate "2012.02.29"]
[SourceVersion "1"]
[SourceVersionDate "2012.02.29"]
[SourceQuality "1"]
[WhiteTeam "Wilkau Hasslau Muldental"]
[BlackTeam "Erfurt"]
[WhiteTeamCountry "GER"]
[BlackTeamCountry "GER"]

1. e4 c5 2. Nf3 a6 3. Nc3 Nc6 4. d4 cxd4 5. Nxd4 d6 6. Be3 Nf6 7. f3 g6 8. Bc4 Bg7 9. Qd2 0-0 10. 0-0-0 Na5 11. Bd3 b5 12. Bh6 Bd7 13. h4 Nc4 14. Bxc4 bxc4 15. h5 Qa5 16. g4 Qe5 17. Bxg7 Kxg7 18. hxg6 fxg6 19. Qh6+ Kf7 20. f4 Qc5 21. g5 Rh8 22. gxf6 exf6 23. Nd5 Qa5 24. Qh4 Qd8 25. f5 Rc8 26. Rdf1 g5 27. Qh5+ Kf8 28. Ne6+ Bxe6 29. fxe6 1-0

[Event "GER-chT U20"]
[Site "Osnabrueck"]
[Date "2011.12.28"]
[Round "3.6"]
[White "Veckenstedt, Freya"]
[Black "Rosenhan, Jonas"]
[Result "0-1"]
[WhiteElo "1313"]
[BlackElo "1630"]
[PlyCount "80"]
[EventDate "2011.12.27"]
[EventType "team-swiss"]
[EventRounds "7"]
[EventCountry "GER"]
[SourceTitle "CBM 146 Extra"]
[Source "ChessBase"]
[SourceDate "2012.02.29"]
[SourceVersion "1"]
[SourceVersionDate "2012.02.29"]
[SourceQuality "1"]
[WhiteTeam "Dresden"]
[BlackTeam "Erfurt"]
[WhiteTeamCountry "GER"]
[BlackTeamCountry "GER"]

1. e4 c5 2. Nf3 a6 3. d4 cxd4 4. Nxd4 Nf6 5. Nc3 e5 6. Nf3 Nc6 7. Be3 Bb4 8. Bd3 0-0 9. Bd2 d6 10. h3 h6 11. 0-0 Be6 12. a3 Bc5 13. Be3 Bxe3 14. fxe3 Rc8 15. Qe1 Na5 16. Nh4 g6 17. Qf2 Kg7 18. Qg3 Nh5 19. Qf2 Nf6 20. Qg3 Nh5 21. Qf2 Nc4 22. Bxc4 Rxc4 23. g4 Nf6 24. Qg3 Nxe4 25. Nxe4 Rxe4 26. Ng2 Rc4 27. c3 Rc6 28. Qf3 f5 29. Qe2 Bc4 30. Qd2 Bxf1 31. Rxf1 fxg4 32. Rxf8 Qxf8 33. hxg4 Rc7 34. Qd1 Rf7 35. e4 Rf2 36. b3 Qf3 37. Qxf3 Rxf3 38. c4 Rxb3 39. a4 Rc3 40. a5 Rxc4 0-1